000 00559nam a2200181Ia 4500
008 151018s9999 xx 000 0 und d
082 _bRBASDV11098
_a891.468
100 _aदुर्गा - भागवत
245 _aप्रासंगिका
250 _b1
260 _bवरदा बुक्स
_c1975
300 _a144
600 _aदुर्गा - भागवत
630 _aप्रासंगिका
700 _aदुर्गा - भागवत
730 _aप्रासंगिका
942 _cBOOK
999 _c1013449
_d1013446